[Event "IECC CL7-2004.03 email"]
[Site "IECC email"]
[Date "2004.02.05"]
[Round "?"]
[White "Copin, Jean Christophe"]
[Black "Galindo, Israel"]
[Result "1-0"]
[WhiteElo "1101"]
[BlackElo "1157"]
[PlyCount "41"]
[EventDate "2004.??.??"]
[EventType "tourn (corr)"]
[EventRounds "4"]
[SourceTitle "Corr 2008"]
[Source "ChessBase"]
[SourceDate "2008.06.24"]
[SourceVersion "1"]
[SourceVersionDate "2008.06.24"]
[SourceQuality "1"]

1. e4 e5 2. Nf3 Nc6 3. Bb5 Nf6 4. 0-0 Bc5 5. Nxe5 Nxe5 6. d4 Bd6 7. dxe5 Bxe5 8. f4 Nxe4 9. fxe5 c6 10. Bc4 0-0 11. Bxf7+ Rxf7 12. Rxf7 Kxf7 13. Qf3+ Nf6 14. exf6 Qxf6 15. Bf4 d5 16. Nc3 Be6 17. Rf1 Rf8 18. Bd6 Rd8 19. Qh5+ g6 20. Qxh7+ Ke8 21. Rxf6 1-0

[Event "IECC CL7-2004.03 email"]
[Site "IECC email"]
[Date "2004.02.05"]
[Round "?"]
[White "Galindo, Israel"]
[Black "Gallagher, James"]
[Result "1-0"]
[WhiteElo "1161"]
[BlackElo "1051"]
[PlyCount "57"]
[EventDate "2004.??.??"]
[EventType "tourn (corr)"]
[EventRounds "4"]
[SourceTitle "Corr 2008"]
[Source "ChessBase"]
[SourceDate "2008.06.24"]
[SourceVersion "1"]
[SourceVersionDate "2008.06.24"]
[SourceQuality "1"]

1. d4 d5 2. c4 Bf5 3. Nf3 Bxb1 4. Rxb1 e6 5. Bg5 f6 6. Bf4 Nc6 7. cxd5 exd5 8. g3 g5 9. Bd2 Bd6 10. Bg2 Qe7 11. 0-0 0-0-0 12. Bh3+ Kb8 13. a3 Qe8 14. Re1 Qh5 15. Bg2 Qe8 16. b4 b5 17. Qb3 Qe6 18. a4 a5 19. axb5 Nxb4 20. Qa4 Kb7 21. Ra1 Ra8 22. e4 dxe4 23. Bc3 f5 24. Nxg5 Qc4 25. Nxe4 fxe4 26. Bxe4+ Ka7 27. Qxa5+ Na6 28. Qxa6+ Kb8 29. Qxa8# 1-0

[Event "IECC CL7-2004.02 email"]
[Site "IECC email"]
[Date "2004.02.03"]
[Round "?"]
[White "Baznik Wilson, Anthony J"]
[Black "Galindo, Israel"]
[Result "0-1"]
[WhiteElo "1011"]
[BlackElo "1139"]
[PlyCount "80"]
[EventDate "2004.??.??"]
[EventType "tourn (corr)"]
[EventRounds "4"]
[SourceTitle "Corr 2008"]
[Source "ChessBase"]
[SourceDate "2008.06.24"]
[SourceVersion "1"]
[SourceVersionDate "2008.06.24"]
[SourceQuality "1"]

1. d4 d5 2. c4 c6 3. Nc3 Nf6 4. Nf3 Nbd7 5. e3 g6 6. cxd5 cxd5 7. Bd2 Bg7 8. Bd3 0-0 9. Ng5 e5 10. Qf3 e4 11. Ncxe4 Nxe4 12. Bxe4 dxe4 13. Nxe4 Nf6 14. 0-0 Qe7 15. Ng5 Bf5 16. d5 Ne4 17. Rfd1 Nxg5 18. Qf4 Ne4 19. Bc3 Nxc3 20. bxc3 Bxc3 21. d6 Qe5 22. Rab1 Bxb1 23. Rxb1 Qxf4 24. exf4 b6 25. a3 Rad8 26. Rd1 Rfe8 27. g4 Re1+ 28. Rxe1 Bxe1 29. Kf1 Bc3 30. Ke2 Rxd6 31. Ke3 a5 32. h3 b5 33. f5 b4 34. axb4 axb4 35. Ke4 b3 36. fxg6 hxg6 37. h4 b2 38. Kf4 b1Q 39. Kg5 Qb5+ 40. Kh6 Bg7# 0-1

[Event "IECC CL7-2004.02 email"]
[Site "IECC email"]
[Date "2004.02.03"]
[Round "?"]
[White "Galindo, Israel"]
[Black "Corallo, John"]
[Result "0-1"]
[WhiteElo "1131"]
[BlackElo "1207"]
[PlyCount "54"]
[EventDate "2004.??.??"]
[EventType "tourn (corr)"]
[EventRounds "4"]
[SourceTitle "Corr 2008"]
[Source "ChessBase"]
[SourceDate "2008.06.24"]
[SourceVersion "1"]
[SourceVersionDate "2008.06.24"]
[SourceQuality "1"]

1. d4 Nf6 2. Nf3 d5 3. c4 e6 4. Nc3 c6 5. Bf4 dxc4 6. e3 Bb4 7. Bxc4 Ne4 8. Qd3 Nd6 9. a3 Bxc3+ 10. bxc3 b5 11. Bb3 a5 12. a4 Ba6 13. Bxd6 Qxd6 14. c4 Qb4+ 15. Nd2 Nd7 16. axb5 cxb5 17. cxb5 Bxb5 18. Bc4 Bc6 19. Qb3 0-0 20. Bxe6 Nf6 21. Qc4 Qd6 22. Bf5 Bxg2 23. Rg1 Qxh2 24. Nf3 Bxf3 25. Rg3 Qh1+ 26. Qf1 Qxf1+ 27. Kxf1 Be4 0-1

[Event "IECC M-4939"]
[Site "IECC email"]
[Date "2004.01.31"]
[Round "?"]
[White "Galindo, Israel"]
[Black "Castle, Thomas"]
[Result "0-1"]
[WhiteElo "1172"]
[BlackElo "1165"]
[PlyCount "38"]
[EventDate "2004.??.??"]
[EventType "tourn (corr)"]
[EventRounds "10"]
[SourceTitle "Corr 2020"]
[Source "ChessBase"]
[SourceDate "2019.09.30"]
[SourceVersion "1"]
[SourceVersionDate "2019.09.30"]
[SourceQuality "1"]
[WhiteTeam "Mexico"]
[BlackTeam "United States"]
[WhiteTeamCountry "MEX"]
[BlackTeamCountry "USA"]

1. e4 e6 2. d4 d5 3. Nc3 Nf6 4. Bg5 Be7 5. e5 Nfd7 6. Bxe7 Qxe7 7. Nf3 c5 8. Nb5 Kd8 9. Nd6 cxd4 10. Qxd4 Nc6 11. Qc3 f6 12. Nxc8 Rxc8 13. Bb5 Nb4 14. Qd2 Nxc2+ 15. Ke2 Nxa1 16. Qa5+ b6 17. Qxa7 Nc2 18. Ba6 Nc5 19. Qxe7+ Kxe7 0-1

[Event "IECC M-4939"]
[Site "IECC email"]
[Date "2004.01.31"]
[Round "?"]
[White "Galindo, Israel"]
[Black "Sadler, Craig"]
[Result "0-1"]
[WhiteElo "1135"]
[BlackElo "1336"]
[PlyCount "52"]
[EventDate "2004.??.??"]
[EventType "tourn (corr)"]
[EventRounds "10"]
[SourceTitle "Corr 2020"]
[Source "ChessBase"]
[SourceDate "2019.09.30"]
[SourceVersion "1"]
[SourceVersionDate "2019.09.30"]
[SourceQuality "1"]
[WhiteTeam "Mexico"]
[BlackTeam "Canada"]
[WhiteTeamCountry "MEX"]
[BlackTeamCountry "CAN"]

1. d4 Nf6 2. Nf3 b6 3. Nc3 Bb7 4. e4 Nxe4 5. Nxe4 Bxe4 6. Bd3 Bxd3 7. Qxd3 e6 8. d5 Qf6 9. 0-0 Bc5 10. dxe6 dxe6 11. c3 0-0 12. Bg5 Qg6 13. Qxg6 hxg6 14. Rad1 Nc6 15. Rd7 Bd6 16. g3 f6 17. Bf4 Bxf4 18. gxf4 Rf7 19. Rfd1 Rxd7 20. Rxd7 Rc8 21. Nd4 Rd8 22. Rxc7 Nxd4 23. cxd4 Rxd4 24. Rxa7 Rxf4 25. Ra6 Rb4 26. b3 Kh7 0-1

[Event "IECC KO-1043"]
[Site "IECC email"]
[Date "2004.01.20"]
[Round "?"]
[White "Raouf, Nour Mohammad"]
[Black "Galindo, Israel"]
[Result "1-0"]
[WhiteElo "1040"]
[BlackElo "1150"]
[PlyCount "31"]
[EventDate "2004.??.??"]
[EventType "match (corr)"]
[EventRounds "2"]
[SourceTitle "Corr 2020"]
[Source "ChessBase"]
[SourceDate "2019.09.30"]
[SourceVersion "1"]
[SourceVersionDate "2019.09.30"]
[SourceQuality "1"]
[WhiteTeam "Egypt"]
[BlackTeam "Mexico"]
[WhiteTeamCountry "EGY"]
[BlackTeamCountry "MEX"]

1. e4 e5 2. Nf3 Nc6 3. Bb5 Nf6 4. 0-0 Nxe4 5. Re1 Nd6 6. Nxe5 Nxe5 7. Rxe5+ Be7 8. Bf1 b6 9. d4 Bb7 10. Bd3 f6 11. Qh5+ g6 12. Bxg6+ Kf8 13. Bh6+ Kg8 14. Qg4 Qf8 15. Be8+ Qg7 16. Qxg7# 1-0

[Event "IECC Swiss email"]
[Site "IECC email"]
[Date "2003.02.23"]
[Round "?"]
[White "Wozniak, Zbigniew"]
[Black "Galindo, Israel"]
[Result "1-0"]
[WhiteElo "1768"]
[BlackElo "1181"]
[PlyCount "77"]
[EventDate "2003.??.??"]
[EventType "tourn (corr)"]
[EventRounds "6"]
[SourceTitle "Corr 2008"]
[Source "ChessBase"]
[SourceDate "2008.06.24"]
[SourceVersion "1"]
[SourceVersionDate "2008.06.24"]
[SourceQuality "1"]

1. e4 e5 2. Nf3 Nc6 3. Bb5 Nf6 4. 0-0 Be7 5. Re1 a6 6. Ba4 b5 7. Bb3 b4 8. Bd5 0-0 9. Bxc6 dxc6 10. Nxe5 Qd6 11. d4 Bb7 12. Bf4 Qe6 13. c3 a5 14. Nd2 c5 15. d5 Qc8 16. Rc1 Bd6 17. Qf3 Nd7 18. Ndc4 Nxe5 19. Bxe5 Bxe5 20. Nxe5 c6 21. dxc6 Bxc6 22. cxb4 Qe6 23. Rxc5 Rac8 24. Nxc6 Rxc6 25. Rxc6 Qxc6 26. bxa5 Qc2 27. Qa3 Rc8 28. Qb4 Rc4 29. Qb3 h6 30. Qxc2 Rxc2 31. Rb1 Kf8 32. f3 Ke7 33. a3 Kd7 34. b4 Ra2 35. Rb3 Ra1+ 36. Kf2 Ra2+ 37. Kg3 Kc6 38. b5+ Kb7 39. b6 1-0

[Event "IECC M email"]
[Site "IECC email"]
[Date "2003.01.27"]
[Round "?"]
[White "Galindo, Israel"]
[Black "Mitchell, TT."]
[Result "1-0"]
[WhiteElo "1176"]
[BlackElo "896"]
[PlyCount "53"]
[EventDate "2003.??.??"]
[EventType "tourn (corr)"]
[EventRounds "6"]
[SourceTitle "Corr 2008"]
[Source "ChessBase"]
[SourceDate "2008.06.24"]
[SourceVersion "1"]
[SourceVersionDate "2008.06.24"]
[SourceQuality "1"]

1. d4 b6 2. e4 Bb7 3. Nc3 e6 4. d5 e5 5. Nf3 d6 6. Bg5 f6 7. Be3 Qe7 8. Bb5+ Nd7 9. b4 0-0-0 10. Qd3 Nb8 11. a4 a6 12. Bc4 Qd7 13. 0-0 Ne7 14. a5 b5 15. Bb3 g5 16. Ne2 Ng6 17. Ng3 Nf4 18. Bxf4 gxf4 19. Nf5 h5 20. c4 Qe8 21. Rac1 Rd7 22. c5 Kd8 23. c6 Rdh7 24. cxb7 Kd7 25. Qc3 Qd8 26. N3d4 exd4 27. Nxd4 1-0

[Event "IECC KO email"]
[Site "IECC email"]
[Date "2003.01.03"]
[Round "?"]
[White "Galindo, Israel"]
[Black "Rellias, Paul V"]
[Result "1-0"]
[WhiteElo "1147"]
[BlackElo "796"]
[PlyCount "39"]
[EventDate "2003.??.??"]
[EventType "tourn (corr)"]
[EventRounds "6"]
[SourceTitle "Corr 2008"]
[Source "ChessBase"]
[SourceDate "2008.06.24"]
[SourceVersion "1"]
[SourceVersionDate "2008.06.24"]
[SourceQuality "1"]

1. d4 d5 2. Nf3 Nf6 3. c4 c6 4. b3 b5 5. Nbd2 e6 6. e3 Bd6 7. c5 Be7 8. Ne5 Na6 9. Nxc6 Qc7 10. Nxe7 Qxe7 11. Bxb5+ Nd7 12. Qg4 0-0 13. 0-0 Nf6 14. Qh4 Nb4 15. a3 Nd3 16. Bxd3 Rb8 17. e4 dxe4 18. Nxe4 Qd6 19. Nxf6+ gxf6 20. Qxh7# 1-0